000
00243nmm a2200085Ia 4500
008
150209s2015||||xx |||||||||||||||||und||
100
_a
MC PHERSONN, RICHARD A
245
_a
HENRY'S CLINICAL DIAGNOSIS AND MGT. BY LABORATORY METHODS
942
_2
ddc
_c
CD
999
_c
5914
_d
5914